Mort subite : Chansons d'Iron Maiden - Statistiques

Statistiques générales
  • Ce quiz a été pris 174 fois
  • Le résultat moyen est 6 sur 18
Answers on the Grid
Answers color-coded by a green-red scale on the quiz's grid according to % correct below.
The alchemist
The assassin
The trooper
The ghost
The duellists
The unforgiven
The parchment
The beast
The talisman
The phantom
The mummy
The crusader
The unbeliever
The stranger
The village
The pilgrim
The harlot
The misery
The nomad
The madness
The prophecy
The legacy
The sanctuary
The gambler
The clairvoyant
The eternity
The gangland
The fugitive
The prisoner
The mariner
The apparition
The navigator
The clansman
The killers
The mercenary
The aftermath
 
Statistiques - réponses
Réponse % Correct
The trooper
88%
The duellists
49%
The clairvoyant
43%
The talisman
41%
The alchemist
40%
The prisoner
40%
The clansman
35%
The parchment
34%
The assassin
32%
The prophecy
32%
The legacy
30%
The pilgrim
27%
The fugitive
25%
The nomad
25%
The mercenary
24%
The unbeliever
23%
The apparition
21%
The aftermath
20%
Aucun quiz correspondant
Distribution des résultats
% des personnes avec chaque résultat
Percentile par nombre de réponses
Votre historique - résultats
Vous n’avez pas pris ce quiz